Problemas y desarrollo de la docencia universitaria latinoamericana: resumen final

Wedi'i Gadw mewn:
Manylion Llyfryddiaeth
Awdur Corfforaethol: Pontificia Universidad Católica de Chile (Awdur)
Fformat: Llyfr
Iaith:Sbaeneg
Cyhoeddwyd: Santiago Pontificia Universidad Católica de Chile 1981
Pynciau:
Tagiau: Ychwanegu Tag
Dim Tagiau, Byddwch y cyntaf i dagio'r cofnod hwn!

MARC

LEADER 00000nam a2200000 a 4500
001 UCU1060
003 CL-VaPUC
005 20210303001421.0
008 960329e19810000cl 1 spa d
082 0 4 |a 378.98  |b PON  |2 21 
110 2 |a Pontificia Universidad Católica de Chile  |e author  |9 617567 
245 1 0 |a Problemas y desarrollo de la docencia universitaria latinoamericana: resumen final 
260 |a Santiago  |b Pontificia Universidad Católica de Chile  |c 1981 
300 |a 131 p 
583 |a last modification  |c 20190821 10:06:20  |k Rodrigo Vera 
650 0 0 |a Universidades  |9 256317 
650 0 0 |a Educación superior   |9 223851 
650 0 7 |a PERSONAL DE ENSEÑANZA UNIVERSITARIA  |2 CL-VaPUC  |9 339415 
651 0 |a América Latina   |9 255027 
942 |c BK 
945 |a lriquelm  |d 19960329 00:00:00 
546 |a En Español 
536 |a Pontificia Universidad Católica de Chile 
518 |p Encuentro Problemas y Desarrollo de la Docencia Universitaria Latinoamericana, 1, Santiago, 20 al 23 de Enero de 1981 
999 |c 382535  |d 382533 
952 |0 0  |1 0  |4 0  |6 378_980000000000000_PON_1981  |7 0  |8 P  |9 504285  |a BIBEDU  |b BIBEDU  |c BIBEDU_PB  |d 2020-01-23  |i 2008718  |o 378.98 PON 1981  |p 2008718  |r 2020-01-23  |w 2020-01-23  |y BK  |k EDU